00486caa a22001692a 4500001000900000003001100009008004700020092001500067100002400082245008400106245003900190300001200229260000900241650004200250942000900292999001500301 002921 AR-FADEU 311216n############xxu####################dd aPP(340)REV aCohen Agrest, Diana bLa "buena muerte" : razones y sinrazones de la eutanasia y el suicidio asistido aRevista Jurídica de Buenos Aires a119-140 c2006 aBIOETICA; DERECHOS HUMANOS; EUTANASIA cPPGR c5699d5699